000 00644nam a2200217Ii 4500
001 18972
003 CO-ViMGA
008 241108s9999||||xx |||||||||||||| ||und||
020 _a9589393950
040 _aCO-ViMGA
_bspa
_erda
_cCO-ViMGA
041 0 _aspa
082 0 4 _aR 759.9861 B67f
100 1 _aBenjamín Villegas Jiménez
_945177
245 1 0 _aDonación Botero [al] Museo de Antioquia
264 1 _aBogotá, Colombia : Villegas Editores, 2000
300 _avolumen
336 _atext
_btxt
_2rdacontent
337 _aunmediated
_bn
_2rdamedia
338 _avolume
_bnc
_2rdacarrier
940 _aidficha_siabuc: 18629. -- ficha_no_siabuc:18972
999 _c39676
_d39676